Sports Quiz

Random Sports or City Quiz

State Capital + Pro Team Quiz Stats

 Plays Quiz Updated Dec 16, 2014

Support Sporcle.
Go Orange.
Score 0/12 Timer 03:00
5 Plays Today
Leagues City % Correct
NBASacramento, CA
85.4%
MLB, NBA, NHLBoston, MA
82%
MLB, NBA, NFLAtlanta, GA
77.4%
MLB, NBAPhoenix, AZ
72.9%
MLB, NBA, NHL, NFLDenver, CO
70.7%
NBA, NFLIndianapolis, IN
61.5%
NBAOklahoma City, OK
61.1%
NHLColumbus, OH
59.6%
NHL, NFLNashville, TN
57.6%
NHLSt. Paul, MN
51.3%
NBASalt Lake City, UT
47.2%
NHLRaleigh, NC
42.1%

You're not logged in!

Compare scores with friends on all Sporcle quizzes.
OR
Log In

From the Vault

One-Minute Crossword XXIX

by Qaqaq

Challenge yourself today and see if you can play all 29 of these in under 29 minutes!
Remove Ads.
Support Sporcle.
Get the best of Sporcle when you Go Orange. This ad-free experience offers more features, more stats, and more fun while also helping to support Sporcle. Thank you for becoming a member.

Show Comments

Extras

Top Quizzes Today


Score Distribution

Your Account Isn't Verified!

In order to create a playlist on Sporcle, you need to verify the email address you used during registration. Go to your Sporcle Settings to finish the process.

Report this User

Report this user for behavior that violates our Community Guidelines.

Details: